Géographie: Hauts-de-France - Statistiques

Statistiques générales
  • Ce quiz a été pris 120 fois
  • Le résultat moyen est 20 sur 26
Statistiques - réponses
Questions Réponses % Correct
Nord
99%
Quelles sont les 5 plus grandes villes de la région ? Lille
98%
Pas-de-Calais
98%
Quel pays est frontalier à la région ? Belgique
97%
Manche
96%
Quels départements composent la région ? Aisne
93%
Oise
93%
Somme
93%
Quelle ville, connu pour son club de football, a vu se construire une antenne du Louvre ? Lens
92%
Quelles mers bordent les Hauts-de-France Mer du Nord
92%
Dunkerque
91%
Amiens
89%
Quel est le nom du train sous la Manche reliant la France et l'Angleterre ? Eurostar
84%
Quelles sont les anciennes régions des Hauts-de-France ? Nord-Pas-de-Calais
83%
Quel fromage, emblématique de la région, est connu pour être fort ? Maroilles
81%
Picardie
77%
Roubaix
73%
Quel légume, connu sous le nom de chicon dans la région, est massivement produit? Endive
69%
Tourcoing
69%
Quel est le premier port de pêche français ? Boulogne-sur-Mer
63%
Quel parc d'attraction est situé dans le sud de la région ? Parc Astérix
61%
Quel est le premier constructeur automobile mondial, possédant une antenne à Valenciennes ? Toyota
49%
Quel marque de chips à son siège dans la région ? Vico
48%
Quel secteur industriel, désormais terminé, a pris place dans le Nord de la région ? Mines
43%
Quelle course de moto a lieu chaque année sur les plages du Touquet ? Enduropale
21%
Quel traité, signé en 1539, tient son nom de cette ville de l'Aisne ? Villers-Côterets
12%
Aucun quiz correspondant
Distribution des résultats
% des personnes avec chaque résultat
Percentile par nombre de réponses
Votre historique - résultats
Vous n’avez pas pris ce quiz